000 00184 a2200097 4500
020 _a9780152062439
041 _aeng
100 _aAda, Alma Flor
245 _aDaniel's Pet
942 _cBK
999 _c14222
_d14222